Univerzálny nízkošumový bipolárny prúdový zdroj

Saved in:
Bibliographic Details
Main Author: Ballek, Martin (Author)
Other Authors: Korenko, Branislav (Thesis advisor)
Format: Manuscript Book
Language:Slovak
Published: Bratislava : STU v Bratislave FEI, 2023
Subjects:
Online Access:https://opac.crzp.sk/?fn=detailBiblioFormChildWANM&sid=B9F89BDF2FCAC708592C5A4B24F4&seo=CRZP-detail-kniha
Tags: Add Tag
No Tags, Be the first to tag this record!

MARC

LEADER 00000ntm a22000003a 4500
001 stuzp90976
003 SK-STU
005 20241125125928.3
007 ta
008 150427s2015----xo-----f-mn---000-0-slo-d
040 |a STU  |b slo 
041 0 |a slo 
044 |a xo 
100 1 |a Ballek, Martin  |u 034000  |4 aut  |U FEI Fakulta elektrotechniky a informatiky  |T FEI Ústav elektrotechniky  |X 98081  |U E040  |Y 550  |7 98081 
242 0 1 |a Universal low-noise bipolar current source  |y eng 
245 1 0 |a Univerzálny nízkošumový bipolárny prúdový zdroj 
260 |a Bratislava :  |b STU v Bratislave FEI,  |c 2023 
300 |a 93 s. 
650 4 |a Howlandova prúdová pumpa  |2 slo 
650 4 |a operačný zosilňovač  |2 slo 
650 4 |a prúdový zdroj  |2 slo 
650 4 |a current source  |2 eng 
650 4 |a Howland current source  |2 eng 
650 4 |a low-noise operational amplifier  |2 eng 
700 1 |a Korenko, Branislav  |u 034000  |k Z8  |4 ths  |U FEI Fakulta elektrotechniky a informatiky  |T FEI Ústav elektrotechniky  |X 12090  |U E040  |Y 550  |7 A000012090 
856 4 |u https://opac.crzp.sk/?fn=detailBiblioFormChildWANM&sid=B9F89BDF2FCAC708592C5A4B24F4&seo=CRZP-detail-kniha